| 000 | 01269nam a2200349 a 4500 | ||
|---|---|---|---|
| 001 | 36936 | ||
| 003 | BD-RjUL | ||
| 005 | 20211209052547.0 | ||
| 008 | 140923s1996 enka b 001 0 eng | ||
| 020 | _a0521444675 (hc) | ||
| 020 | _a0521449111 (pb) | ||
| 035 | _a(BD-RjUL)37038 | ||
| 040 |
_aDLC _cDLC _dDLC _dBD-RjUL _beng |
||
| 041 | _aeng | ||
| 082 | 0 | 0 |
_a660.6 _220 _bSMB 1996 |
| 100 | 1 |
_aSmith, John E. _q(John Edward), _d1932- _9112810 |
|
| 245 | 1 | 0 |
_aBiotechnology / _cJohn E. Smith. |
| 250 | _a3rd ed. | ||
| 260 |
_aCambridge ; _aNew York, NY, USA : _bCambridge University Press, _c1996. |
||
| 300 |
_axvi, 236 p. : _bill. ; _c23 cm. |
||
| 500 | _a"Published in association with the Institute of Biology." | ||
| 504 | _aIncludes bibliographical references (p. [229]-233) and index. | ||
| 650 | 0 |
_aBiotechnology. _9112812 |
|
| 710 | 2 |
_aInstitute of Biology. _9112813 |
|
| 856 | 4 | 1 |
_3Sample text _uhttp://www.loc.gov/catdir/samples/cam031/95035167.html |
| 856 | 4 | 2 |
_3Publisher description _uhttp://www.loc.gov/catdir/description/cam027/95035167.html |
| 856 | 4 | 1 |
_3Table of contents _uhttp://www.loc.gov/catdir/toc/cam026/95035167.html |
| 942 |
_2ddc _cBK |
||
| 999 |
_c36936 _d36936 |
||